El sagrado imán de los corazones de los fieles, María santíssima, sin pecado concebida

Detalles Bibliográficos
Autor principal: MONTILLA, Andrés de (Fray)
Formato: Libro
Publicado: Sevilla 1722
Materias:
Colección:Banco de datos
Acervo:Biblioteca Nacional de Antropología e Historia. Fondo Conventual
Tema general:Mariología
Notas:Buena. IX,10.
LEADER 00706nam a22001930004500
035 |a 4511 
036 |a 427 
100 1 |a MONTILLA, Andrés de (Fray) 
245 1 0 |a El sagrado imán de los corazones de los fieles, María santíssima, sin pecado concebida 
260 |a Sevilla  |b Tomás López de Haro  |c 1722 
500 |a Buena. IX,10. 
650 1 0 |a Mariología 
949 |a B.N.A.H. 
959 |a Biblioteca Nacional de Antropología e Historia. Ciudad de México  |b CCC1 
960 |a Colegio de San Fernando de la propaganda Fide de la ciudad de México  |b DD44 
961 |a Franciscana  |b OF 
942 |c B.N.A.H. 
943 |g Biblioteca Nacional de Antropología e Historia. Fondo Conventual 
999 |c 1029043  |d 1029043